<?xml version="1.0" encoding="UTF-8"?>
<collection xmlns="http://www.loc.gov/MARC21/slim">
 <record>
  <leader>00825pamaa2200217   4500</leader>
  <controlfield tag="001">0000043828</controlfield>
  <controlfield tag="005">20130626090000.0</controlfield>
  <controlfield tag="008">080702                             eng  </controlfield>
  <datafield tag="020" ind1="0" ind2="0">
   <subfield code="a">9789833986132 (pbk.) </subfield>
  </datafield>
  <datafield tag="090" ind1="0" ind2="0">
   <subfield code="a">LB2331.74.A78 </subfield>
   <subfield code="b">HIG 2008</subfield>
  </datafield>
  <datafield tag="245" ind1="1" ind2="0">
   <subfield code="a">Higher education in the Asia Pacific : </subfield>
   <subfield code="b">emerging trends in teaching and learning  </subfield>
   <subfield code="c">editors, Zailan Moris, Hajar Abdul Rahim, Shakila Abdul Manan.</subfield>
  </datafield>
  <datafield tag="260" ind1="0" ind2="0">
   <subfield code="a">Pulau Pinang: </subfield>
   <subfield code="b">Penerbit Universiti Sains Malaysia, </subfield>
   <subfield code="c">2008..</subfield>
  </datafield>
  <datafield tag="300" ind1=" " ind2=" ">
   <subfield code="a">309 p.: </subfield>
   <subfield code="b">ill.; </subfield>
   <subfield code="c">24 cm.</subfield>
  </datafield>
  <datafield tag="501" ind1="0" ind2="0">
   <subfield code="a">Library</subfield>
  </datafield>
  <datafield tag="504" ind1="0" ind2="0">
   <subfield code="a">Includes bibliographical references</subfield>
  </datafield>
  <datafield tag="650" ind1="0" ind2="0">
   <subfield code="a">Education and state -- </subfield>
   <subfield code="z">Asia </subfield>
  </datafield>
  <datafield tag="650" ind1="0" ind2="0">
   <subfield code="a">Education, Higher -- </subfield>
   <subfield code="x">Study and teaching -- </subfield>
   <subfield code="z">Asia </subfield>
  </datafield>
  <datafield tag="700" ind1="1" ind2="1">
   <subfield code="a">Moris, </subfield>
   <subfield code="h">Zailan </subfield>
  </datafield>
  <datafield tag="700" ind1="1" ind2="1">
   <subfield code="a">Hajar Abdul Rahim </subfield>
  </datafield>
  <datafield tag="700" ind1="1" ind2="1">
   <subfield code="a">Shakila Abdul Manan </subfield>
  </datafield>
  <datafield tag="901" ind1=" " ind2=" ">
   <subfield code="u">www.penerbit.usm.my</subfield>
  </datafield>
 </record>
</collection>
